|
|
|
|
| LEADER |
01049nam a2200289 a 4500 |
| 001 |
28939 |
| 003 |
BD-DhAAL |
| 005 |
20150330100228.0 |
| 008 |
150330r20041988wau 000 1 eng |
| 010 |
|
|
|a 89004076
|
| 020 |
|
|
|a 9780954702335
|
| 020 |
|
|
|a 0931188741
|
| 020 |
|
|
|a 187806777X
|
| 040 |
|
|
|a DLC
|c DLC
|d DLC
|d BD-DhAAL
|d BD-DhAAL
|
| 050 |
0 |
0 |
|a PR9390.9.D36
|b N47 1989
|
| 082 |
0 |
0 |
|a 823
|2 19
|
| 100 |
1 |
|
|a Dangarembga, Tsitsi.
|9 7328
|
| 245 |
1 |
0 |
|a Nervous conditions :
|b a novel /
|c Tsitsi Dangarembga and a new introduction by Kwame Anthony Appiah
|
| 260 |
|
|
|a Banbury :
|b Ayebia Clarke,
|c c1988 [reprinted 2004].
|
| 300 |
|
|
|a xi, 211 p. ;
|c 21 cm.
|
| 541 |
|
|
|e 28939
|
| 650 |
|
0 |
|a Women
|z Zimbabwe
|v Fiction.
|9 7329
|
| 651 |
|
0 |
|a Zimbabwe
|v Fiction.
|9 7330
|
| 655 |
|
7 |
|a Psychological fiction.
|2 lcsh
|9 5686
|
| 942 |
|
|
|2 ddc
|c BK
|
| 999 |
|
|
|c 34175
|d 34175
|
| 952 |
|
|
|0 0
|1 0
|2 ddc
|4 0
|6 823_000000000000000_DAN
|7 0
|9 53330
|a BRACUL
|b BRACUL
|c GEN
|d 2015-03-30
|e Paragon Enterprise
|g 1145.00
|l 9
|m 58
|o 823 DAN
|p 3010028939
|r 2024-03-07
|s 2024-01-17
|t 1
|w 2015-03-30
|y BK
|